书目信息 |
| 题名: |
寻找中国最美古建筑
|
|
| 作者: | ;亲历者编辑部 编著 | |
| 分册: | 陕西 | |
| 出版信息: | 北京 中国铁道出版社 2017.04 |
|
| 页数: | 253页 | |
| 开本: | 24cm | |
| 丛书名: | 亲历者旅行指南 | |
| 单 册: | ||
| 中图分类: | K928.71 , K928.714.1 | |
| 科图分类: | ||
| 主题词: | 古建筑--介绍--中国 , 古建筑--介绍--陕西 | |
| 电子资源: | ||
| ISBN: | 978-7-113-22553-7 | |
| 000 | 01129oam2 2200325 450 | |
| 001 | 0120172204839 | |
| 005 | 20170908104914.73 | |
| 010 | @a978-7-113-22553-7@dCNY58.00 | |
| 100 | @a20170526d2017 em y0chiy50 ea | |
| 101 | 0 | @achi |
| 102 | @aCN@b110000 | |
| 105 | @aab z 000yy | |
| 106 | @ar | |
| 200 | 1 | @a寻找中国最美古建筑@9xun zhao zhong guo zui mei gu jian zhu@i陕西@f《亲历者》编辑部编著 |
| 205 | @a2版 | |
| 210 | @a北京@c中国铁道出版社@d2017.04 | |
| 215 | @a253页@c图,地图@d24cm | |
| 225 | 2 | @a亲历者旅行指南@i人书旅行 |
| 225 | 2 | @a旅游书架 |
| 330 | @a《寻找中国最美古建筑》系列图书,通过精美的图片、精致的手绘图、精彩的建筑故事,深度展示中国古建筑之美,引领读者探索古建筑的真正魅力,领略古建筑的文化底蕴。本册为《寻找中国最美古建筑·陕西》。 | |
| 333 | @a一般读者 | |
| 461 | 0 | @12001 @a旅游书架 |
| 462 | 0 | @12001 @a亲历者旅行指南@i人书旅行 |
| 606 | 0 | @a古建筑@x介绍@y中国 |
| 606 | 0 | @a古建筑@x介绍@y陕西 |
| 690 | @aK928.71@v5 | |
| 690 | @aK928.714.1@v5 | |
| 711 | 02 | @a亲历者编辑部@9qin li zhe bian ji bu@4编著 |
| 801 | 0 | @aCN@b人天书店@c20170526 |
| 905 | @b997040-45@dK928.71@e1016=2@f6 | |
| 寻找中国最美古建筑.陕西/《亲历者》编辑部编著.-2版.-北京:中国铁道出版社,2017.04 |
| 253页:图,地图;24cm.-(亲历者旅行指南.人书旅行).-(旅游书架) |
| 使用对象:一般读者 |
| ISBN 978-7-113-22553-7:CNY58.00 |
| 《寻找中国最美古建筑》系列图书,通过精美的图片、精致的手绘图、精彩的建筑故事,深度展示中国古建筑之美,引领读者探索古建筑的真正魅力,领略古建筑的文化底蕴。本册为《寻找中国最美古建筑·陕西》。 |
| ● |
| 相关链接 |
|
|
|
|
正题名:寻找中国最美古建筑
索取号:K928.71/1016=2
 
预约/预借
| 序号 | 登录号 | 条形码 | 馆藏地/架位号 | 状态 | 备注 |
| 1 | 997040 | 209970405 | 第二样本阅览室/ [索取号:K928.71/1016=2] | 在馆 | |
| 2 | 997041 | 209970414 | 密集书库-资源管理系/ [索取号:K928.71/1016=2] | 在馆 | |
| 3 | 997042 | 209970423 | 第二借阅区/ [索取号:K928.71/1016=2] | 在馆 | |
| 4 | 997043 | 209970432 | 第二借阅区/ [索取号:K928.71/1016=2] | 在馆 | |
| 5 | 997044 | 209970441 | 第二借阅区/ [索取号:K928.71/1016=2] | 在馆 | |
| 6 | 997045 | 209970450 | 第二借阅区/ [索取号:K928.71/1016=2] | 在馆 |